| 000 | 00610nam a2200169 a 4500 | ||
|---|---|---|---|
| 008 | 120416s1975 ||||||||||||||||| || u | ||
| 020 | _a0070209804 | ||
| 050 | _aREF TK 7825 Ele | ||
| 100 | _aMckenzie, Alexander A | ||
| 245 | 1 | 0 |
_aElectronics engineers' handbook _cedited by Donald G. Fink |
| 260 |
_aNew York _bMcGraw-Hill _c1975 |
||
| 300 | _a1vol. (various pagings) : ill | ||
| 350 | _a0.00 | ||
| 500 | _aBibliography | ||
| 650 | _aELECTRONICS--HANDBOOKS, MANUAL, ETC | ||
| 995 |
_D0.00 _FCBU-MAIN LIBRARY (Kitwe) _H1 _I74.20 _M1 _UREFERENCE _ZReference Collection |
||
| 999 |
_c41569 _d41569 |
||